| 000 | 01168cam a22002775a 4500 | ||
|---|---|---|---|
| 001 | 18719401 | ||
| 005 | 20161207104905.0 | ||
| 008 | 150728t2015 si a frb 001 0 eng d | ||
| 020 | _a9789814571777 | ||
| 040 |
_aUKMGB _beng _cUKMGB _dOCLCO _dYDXCP _dOCLCF _dCDX _dDRB _dTXI _dSINLB _dDLC _dEG-ScBUE |
||
| 082 | 0 | 4 |
_a003.3 _222 _bHAR |
| 100 | 1 | _aHartmann, Alexander K. | |
| 245 | 1 | 0 |
_aBig practical guide to computer simulations / _cAlexander K. Hartmann. |
| 250 | _a2nd ed. | ||
| 260 |
_aSingapore : _bWorld Scientific Publishing Co. Pte. Ltd., _cc.2015. |
||
| 300 |
_axx, 462 p. : _bill. ; _c24 cm. |
||
| 500 | _aIndex : p. 451-462. | ||
| 504 | _aBibliography : p. 445-449. | ||
| 505 | 0 | _aProgramming in C -- Scripts -- Software engineering -- Debugging and testing -- Object-oriented software development -- Algorithms and data structures -- Libraries -- Randomness and statistics -- Information retrieval, publishing and presentations. | |
| 650 | 7 |
_aComputer simulation. _2BUEsh _95817 |
|
| 650 | 7 |
_aC (Computer program language) _2BUEsh _93405 |
|
| 650 | 7 |
_aAlgorithms. _2BUEsh _913108 |
|
| 651 | _2BUEsh | ||
| 653 |
_bENGGEN _bCOMSCI _cDecember2016 |
||
| 942 | _2ddc | ||
| 999 |
_c23485 _d23457 |
||